000 00398 a2200157 4500
020 _a9780335193974
082 _a001.4
100 _aElizabeth Orna
110 _aGraham Stevens
245 _aManaging Information for Research
_cElizabeth Orna
260 _aBuckingham
_bopen university press
_c1997
300 _a191 p.
650 _aResearch
700 _aElizabeth Orna
942 _cBK
_k001.4 ORN
999 _c10693
_d10693